[Event "SB-2017-0-00510"]
[Site "LSS email"]
[Date "2017.08.31"]
[Round "?"]
[White "Mander, Tom"]
[Black "Crapulli, Giuseppe"]
[Result "0-1"]
[WhiteElo "1871"]
[BlackElo "1905"]
[PlyCount "24"]
[EventDate "2017.08.06"]
[EventType "tourn (corr)"]
[EventRounds "6"]
[EventCountry "GER"]
[SourceTitle "Corr 2022"]
[Source "ChessBase"]
[SourceDate "2021.10.24"]
[SourceVersion "1"]
[SourceVersionDate "2021.10.24"]
[SourceQuality "1"]

1. e4 c5 2. Nf3 d6 3. Nc3 a6 4. d4 cxd4 5. Nxd4 Nf6 6. Bc4 e6 7. Bb3 Nbd7 8. f4 Nc5 9. Qf3 b5 10. f5 e5 11. Nc6 Qd7 12. Na5 Nxb3 0-1

[Event "ZI-2016-0-02129"]
[Site "LSS email"]
[Date "2016.03.08"]
[Round "?"]
[White "Mander, Tom"]
[Black "Sandocal, Uzmir"]
[Result "1-0"]
[WhiteElo "1860"]
[BlackElo "1687"]
[PlyCount "103"]
[EventDate "2016.02.23"]
[EventType "match (corr)"]
[EventRounds "2"]
[EventCountry "GER"]
[SourceTitle "Corr 2022"]
[Source "ChessBase"]
[SourceDate "2021.10.24"]
[SourceVersion "1"]
[SourceVersionDate "2021.10.24"]
[SourceQuality "1"]

1. e4 e5 2. Nf3 Nc6 3. Bb5 Nf6 4. 0-0 Bc5 5. Nxe5 Nxe5 6. d4 c6 7. dxe5 Nxe4 8. Bd3 d5 9. exd6 Nf6 10. Nc3 Be6 11. Bg5 Bxd6 12. Qf3 h6 13. Bh4 g5 14. Bg3 Bxg3 15. fxg3 Nd7 16. Bf5 Qb6+ 17. Kh1 0-0-0 18. Ne4 Nc5 19. b3 Qa5 20. Nf6 Kb8 21. Rae1 Ka8 22. Re5 Qb4 23. Bxe6 fxe6 24. Qf2 Na6 25. Rxe6 Rhf8 26. h3 Qa3 27. c3 Nc5 28. Re3 Nd3 29. Qe2 Nc1 30. Qc2 Qd6 31. Qxc1 Rxf6 32. Rxf6 Qxf6 33. Qe1 a6 34. Re6 Qg7 35. Kh2 h5 36. Qe5 Qg8 37. Re7 Qd5 38. Re8 Qxe5 39. Rxe5 Rg8 40. h4 gxh4 41. gxh4 Rh8 42. g4 hxg4 43. Kg3 Kb8 44. h5 Kc7 45. Kxg4 Rh7 46. Kg5 Kd6 47. Kg6 Rh8 48. Rg5 Rg8+ 49. Kf6 Rf8+ 50. Kg7 Rf2 51. h6 Rxa2 52. h7 1-0

[Event "RC-2016-0-00183"]
[Site "LSS email"]
[Date "2016.02.15"]
[Round "?"]
[White "Mander, Tom"]
[Black "Mujica, Hector"]
[Result "1-0"]
[WhiteElo "1805"]
[BlackElo "1792"]
[PlyCount "89"]
[EventDate "2015.12.05"]
[EventType "tourn (corr)"]
[EventRounds "6"]
[EventCountry "GER"]
[SourceTitle "Corr 2022"]
[Source "ChessBase"]
[SourceDate "2021.10.24"]
[SourceVersion "1"]
[SourceVersionDate "2021.10.24"]
[SourceQuality "1"]

1. e4 e5 2. Nf3 Nc6 3. Bb5 a6 4. Ba4 Nf6 5. 0-0 b5 6. Bb3 Bb7 7. d3 Bc5 8. Nc3 0-0 9. a4 b4 10. Nd5 h6 11. Be3 d6 12. Bxc5 dxc5 13. Ne3 Re8 14. a5 Nd4 15. Ba4 Re6 16. Nxd4 cxd4 17. Nc4 Bc6 18. Bxc6 Rxc6 19. f4 Qe8 20. Qf3 exf4 21. Qxf4 Rd8 22. Rf3 Nd7 23. Qg3 f6 24. Rf5 Rb8 25. b3 Qe7 26. Qf2 Rb5 27. Qxd4 Ne5 28. Qf2 g6 29. Rf4 Nxc4 30. bxc4 Re5 31. Rf1 Kg7 32. d4 g5 33. Rg4 Rxa5 34. h4 h5 35. Rg3 g4 36. c5 Ra3 37. Re3 Rxe3 38. Qxe3 Re6 39. e5 fxe5 40. d5 Rg6 41. g3 e4 42. Qd4+ Kg8 43. Rf5 e3 44. Rxh5 Rg7 45. Re5 1-0

[Event "SC-2015-0-00279"]
[Site "LSS email"]
[Date "2015.12.21"]
[Round "?"]
[White "Demetriades, Jenny"]
[Black "Mander, Tom"]
[Result "1/2-1/2"]
[WhiteElo "1673"]
[BlackElo "1782"]
[PlyCount "53"]
[EventDate "2015.10.22"]
[EventType "tourn (corr)"]
[EventRounds "6"]
[EventCountry "GER"]
[SourceTitle "Corr 2022"]
[Source "ChessBase"]
[SourceDate "2021.10.24"]
[SourceVersion "1"]
[SourceVersionDate "2021.10.24"]
[SourceQuality "1"]

1. d4 Nf6 2. Nf3 d5 3. c4 c6 4. e3 Bf5 5. Qb3 Qc7 6. Nc3 e6 7. Bd2 Nbd7 8. Rc1 Qb6 9. Nh4 dxc4 10. Bxc4 Qxb3 11. axb3 Be4 12. f3 Bd5 13. e4 Bxc4 14. bxc4 e5 15. d5 Nc5 16. Rc2 Nfd7 17. Be3 Nb3 18. Ke2 g6 19. Rd1 c5 20. Nb5 Kd8 21. Kf2 a6 22. Nc3 Kc7 23. g3 Nd4 24. Rcc1 Nb3 25. Rc2 Nd4 26. Rcc1 Nb3 27. Rc2 1/2-1/2

[Event "SC-2015-0-00279"]
[Site "LSS email"]
[Date "2015.12.16"]
[Round "?"]
[White "Kraujunas, Vladas"]
[Black "Mander, Tom"]
[Result "0-1"]
[WhiteElo "1673"]
[BlackElo "1782"]
[PlyCount "56"]
[EventDate "2015.10.22"]
[EventType "tourn (corr)"]
[EventRounds "6"]
[EventCountry "GER"]
[SourceTitle "Corr 2022"]
[Source "ChessBase"]
[SourceDate "2021.10.24"]
[SourceVersion "1"]
[SourceVersionDate "2021.10.24"]
[SourceQuality "1"]

1. e4 e5 2. Nf3 Nc6 3. Bb5 a6 4. Ba4 Nf6 5. 0-0 Nxe4 6. d4 b5 7. Bb3 d5 8. dxe5 Be6 9. c3 Bc5 10. Nbd2 0-0 11. Bc2 Nxf2 12. Rxf2 Bxf2+ 13. Kxf2 f6 14. exf6 Qxf6 15. Kg1 Rae8 16. a4 Ne5 17. axb5 Bg4 18. Bb3 Qb6+ 19. Kh1 Nd3 20. Bxd5+ Kh8 21. Ne4 Bxf3 22. gxf3 Rxe4 23. Qxd3 Re1+ 24. Kg2 axb5 25. Qd4 Qg6+ 26. Qg4 Qd3 27. Qd4 Qc2+ 28. Kh3 Qf5+ 0-1

[Event "ZI-2015-0-02043"]
[Site "LSS email"]
[Date "2015.09.20"]
[Round "?"]
[White "Mander, Tom"]
[Black "Motyka, Jerzy"]
[Result "1-0"]
[WhiteElo "1765"]
[BlackElo "1806"]
[PlyCount "127"]
[EventDate "2015.09.07"]
[EventType "match (corr)"]
[EventRounds "2"]
[EventCountry "GER"]
[SourceTitle "Corr 2022"]
[Source "ChessBase"]
[SourceDate "2021.10.24"]
[SourceVersion "1"]
[SourceVersionDate "2021.10.24"]
[SourceQuality "1"]

1. e4 c5 2. Nf3 Nc6 3. d4 cxd4 4. Nxd4 Nf6 5. Nc3 e6 6. a3 d5 7. Bb5 Bd7 8. exd5 exd5 9. 0-0 Be7 10. Nde2 a6 11. Ba4 Bg4 12. h3 Bxe2 13. Qxe2 d4 14. Rd1 0-0 15. Qf3 Qb6 16. Ne2 Rfd8 17. Bf4 Bd6 18. Bxc6 bxc6 19. Rxd4 Qxb2 20. Rad1 Be7 21. Rxd8+ Rxd8 22. Rxd8+ Bxd8 23. Qxc6 Qxa3 24. Qc8 Qa5 25. Kh2 g5 26. Bxg5 Qc7+ 27. Qxc7 Bxc7+ 28. Kg1 Ne4 29. Be3 a5 30. f3 Nd6 31. Kf2 Nc4 32. Nc3 Na3 33. Nd5 Bd6 34. Bd2 a4 35. Ke2 Nxc2 36. Kd3 Na1 37. Nf6+ Kf8 38. Bc3 Nb3 39. Nxh7+ Ke7 40. Kc2 Nc5 41. h4 Nd7 42. Ng5 Bf4 43. Nh3 Be5 44. Bb4+ Kf6 45. h5 Bd4 46. Bd2 Kg7 47. Nf4 Kh7 48. Nd5 Bg7 49. Ne7 a3 50. Kb3 Bb2 51. Ka2 Ne5 52. Kb1 Kg7 53. Bg5 f6 54. Nf5+ Kf7 55. Be3 Ke6 56. Nd4+ Kf7 57. Ka2 Nd3 58. Nf5 Ne1 59. Nh4 Ke6 60. Bc5 f5 61. h6 Bf6 62. h7 Kf7 63. Bxa3 Kg7 64. Bb2 1-0

[Event "OP-2015-0-03811"]
[Site "LSS email"]
[Date "2015.09.09"]
[Round "?"]
[White "Mander, Tom"]
[Black "Linart, Ludvik"]
[Result "1-0"]
[WhiteElo "1760"]
[BlackElo "1530"]
[PlyCount "87"]
[EventDate "2015.09.04"]
[EventType "tourn (corr)"]
[EventRounds "4"]
[EventCountry "GER"]
[SourceTitle "Corr 2022"]
[Source "ChessBase"]
[SourceDate "2021.10.24"]
[SourceVersion "1"]
[SourceVersionDate "2021.10.24"]
[SourceQuality "1"]

1. e4 e5 2. Nf3 Nf6 3. Nxe5 d6 4. Nf3 Nxe4 5. d4 d5 6. Bd3 Be7 7. 0-0 Nc6 8. c4 Nf6 9. Nc3 0-0 10. cxd5 Nxd5 11. Re1 Be6 12. a3 Re8 13. Qc2 h6 14. Be3 Bf6 15. Rac1 a6 16. h3 Kh8 17. Ne4 Be7 18. Rcd1 Nxe3 19. fxe3 Bd5 20. Ned2 Bh4 21. Re2 Bf6 22. Kh1 Be6 23. Ne4 Rb8 24. Nc5 Bc8 25. Qc4 Be6 26. Nxe6 fxe6 27. Bc2 Qd5 28. Qd3 Qf5 29. Qxf5 exf5 30. Bxf5 Rbd8 31. Rdd2 Rd6 32. g4 Kg8 33. Kg2 g5 34. Rc2 Re7 35. Bd3 Kh8 36. Nh2 Nd8 37. Nf1 Rc6 38. Rxc6 Nxc6 39. Ng3 Bg7 40. Nf5 Rd7 41. Bc4 Nd8 42. b4 c6 43. e4 b5 44. Bb3 1-0

[Event "OP-2015-0-03810"]
[Site "LSS email"]
[Date "2015.09.08"]
[Round "?"]
[White "Mander, Tom"]
[Black "Newton, Daryl"]
[Result "1-0"]
[WhiteElo "1760"]
[BlackElo "392"]
[PlyCount "33"]
[EventDate "2015.09.03"]
[EventType "tourn (corr)"]
[EventRounds "4"]
[EventCountry "GER"]
[SourceTitle "Corr 2022"]
[Source "ChessBase"]
[SourceDate "2021.10.24"]
[SourceVersion "1"]
[SourceVersionDate "2021.10.24"]
[SourceQuality "1"]

1. e4 e5 2. Nf3 Bc5 3. Nxe5 Qf6 4. d4 Bb6 5. Bc4 Nh6 6. Bxh6 Qxh6 7. Nxf7 Qf4 8. Nxh8 Qxe4+ 9. Kf1 Bxd4 10. Qh5+ Kd8 11. Nf7+ Ke7 12. Nd2 Qf4 13. Re1+ Kf8 14. Nf3 Bxb2 15. N7g5 Qxc4+ 16. Kg1 d6 17. Re8# 1-0

[Event "SD-2015-0-00223"]
[Site "LSS email"]
[Date "2015.04.29"]
[Round "?"]
[White "Mander, Tom"]
[Black "Herzog, Agnes"]
[Result "1/2-1/2"]
[WhiteElo "1736"]
[BlackElo "1524"]
[PlyCount "28"]
[EventDate "2015.03.28"]
[EventType "tourn (corr)"]
[EventRounds "6"]
[EventCountry "GER"]
[SourceTitle "Corr 2022"]
[Source "ChessBase"]
[SourceDate "2021.10.24"]
[SourceVersion "1"]
[SourceVersionDate "2021.10.24"]
[SourceQuality "1"]

1. e4 e5 2. Nf3 Nc6 3. Bb5 Nf6 4. 0-0 Nxe4 5. Re1 Nd6 6. Nxe5 Be7 7. Bf1 Nxe5 8. Rxe5 0-0 9. Nc3 Ne8 10. Nd5 Bd6 11. Re2 Nf6 12. Ne3 Re8 13. b3 Bf8 14. Bb2 d5 1/2-1/2

[Event "SE-2014-0-00182"]
[Site "LSS email"]
[Date "2014.11.10"]
[Round "?"]
[White "Mander, Tom"]
[Black "Stadler, Pavel"]
[Result "1/2-1/2"]
[WhiteElo "1200"]
[BlackElo "1327"]
[PlyCount "118"]
[EventDate "2014.09.21"]
[EventType "tourn (corr)"]
[EventRounds "6"]
[EventCountry "GER"]
[SourceTitle "Corr 2022"]
[Source "ChessBase"]
[SourceDate "2021.10.24"]
[SourceVersion "1"]
[SourceVersionDate "2021.10.24"]
[SourceQuality "1"]

1. e4 c5 2. Nf3 d6 3. Nc3 Nf6 4. d4 cxd4 5. Nxd4 a6 6. Bg5 e6 7. f4 Qb6 8. Nb3 Nbd7 9. Be2 Qc7 10. Bf3 Be7 11. Qd3 h6 12. Bxf6 Nxf6 13. 0-0 0-0 14. a4 Bd7 15. Rf2 Bc6 16. Nd4 Rfd8 17. g3 d5 18. e5 Nd7 19. Kh1 Nb6 20. b3 Rac8 21. Nce2 Nd7 22. Rff1 Nc5 23. Qe3 Ne4 24. c4 Bc5 25. Kg2 Qb6 26. Rfd1 a5 27. cxd5 exd5 28. Rac1 Ba3 29. Rc2 Bc5 30. Bg4 Rc7 31. Qd3 Bd7 32. Bxd7 Rdxd7 33. Rdc1 Bxd4 34. Qxd4 Qa6 35. Qe3 Rxc2 36. Rxc2 f6 37. Qf3 Qb6 38. Rc8+ Kh7 39. Nc3 Nxc3 40. Qxc3 fxe5 41. Qxe5 Qg6 42. h4 Qe4+ 43. Kf2 Qxe5 44. fxe5 Kg6 45. Ke3 d4+ 46. Ke4 Kf7 47. Kd3 Ke6 48. Ra8 Rf7 49. Kxd4 Rf3 50. Kc4 Rxg3 51. Rxa5 Rg4+ 52. Kc3 Rxh4 53. Rb5 g5 54. Rxb7 Kxe5 55. a5 Rh1 56. a6 Ra1 57. a7 Kd5 58. Kb4 Kc6 59. Rh7 Kb6 1/2-1/2

[Event "SE-2014-0-00182"]
[Site "LSS email"]
[Date "2014.11.06"]
[Round "?"]
[White "Lonyuk, Bohdan"]
[Black "Mander, Tom"]
[Result "0-1"]
[WhiteElo "1244"]
[BlackElo "1200"]
[PlyCount "44"]
[EventDate "2014.09.21"]
[EventType "tourn (corr)"]
[EventRounds "6"]
[EventCountry "GER"]
[SourceTitle "Corr 2022"]
[Source "ChessBase"]
[SourceDate "2021.10.24"]
[SourceVersion "1"]
[SourceVersionDate "2021.10.24"]
[SourceQuality "1"]

1. e4 e5 2. f4 exf4 3. Nf3 g5 4. Bc4 Bg7 5. 0-0 d6 6. d4 Nc6 7. c3 h6 8. Qb3 Qe7 9. a4 Nf6 10. Nbd2 0-0 11. a5 Ng4 12. Re1 Ne3 13. Bd5 g4 14. a6 Rb8 15. Bxc6 bxc6 16. Qxb8 gxf3 17. Nxf3 Nxg2 18. Re2 Ne3 19. Bxe3 Bg4 20. Qxa7 Bxf3 21. Ree1 Qg5+ 22. Kf1 Qg2# 0-1

[Event "ZL-2014-0-01531"]
[Site "LSS email"]
[Date "2014.10.07"]
[Round "?"]
[White "Mander, Tom"]
[Black "Lauer, Fredric"]
[Result "1-0"]
[WhiteElo "1446"]
[BlackElo "1004"]
[PlyCount "49"]
[EventDate "2014.09.21"]
[EventType "match (corr)"]
[EventRounds "2"]
[EventCountry "GER"]
[SourceTitle "Corr 2015"]
[Source "ChessBase"]
[SourceDate "2015.07.17"]
[SourceVersion "1"]
[SourceVersionDate "2015.07.17"]
[SourceQuality "1"]

1. e4 e6 2. d4 d5 3. e5 Ne7 4. Nf3 c5 5. dxc5 Nf5 6. Bg5 Qa5+ 7. Bd2 Qxc5 8. Bd3 Nc6 9. 0-0 Nfd4 10. Re1 Nxf3+ 11. Qxf3 Be7 12. Qg3 g6 13. c3 0-0 14. Be3 Qa5 15. Nd2 Re8 16. Nf3 Bf8 17. h4 Bg7 18. h5 Qc7 19. Bf4 Bd7 20. Qh4 Ne7 21. Ng5 h6 22. Nxf7 Kxf7 23. hxg6+ Kg8 24. Bxh6 Bxe5 25. Bf4 1-0

[Event "ZL-2014-0-01514"]
[Site "LSS email"]
[Date "2014.08.19"]
[Round "?"]
[White "Evsin, Igorj"]
[Black "Mander, Tom"]
[Result "0-1"]
[WhiteElo "1337"]
[BlackElo "1200"]
[PlyCount "44"]
[EventDate "2014.08.14"]
[EventType "match (corr)"]
[EventRounds "2"]
[EventCountry "GER"]
[SourceTitle "Corr 2015"]
[Source "ChessBase"]
[SourceDate "2015.07.17"]
[SourceVersion "1"]
[SourceVersionDate "2015.07.17"]
[SourceQuality "1"]

1. e4 e5 2. f4 exf4 3. Nf3 g5 4. Bc4 Bg7 5. Nc3 d6 6. 0-0 h6 7. g3 Nc6 8. gxf4 Bh3 9. fxg5 Bxf1 10. Qxf1 Qd7 11. d3 0-0-0 12. a4 hxg5 13. Nxg5 Bd4+ 14. Kh1 Nh6 15. Bf4 Rdg8 16. Nf3 Ng4 17. Nxd4 Nxh2 18. Bxh2 Nxd4 19. Bxf7 Rf8 20. Qf2 Qxf7 21. Qxf7 Rxf7 22. Kg2 Rg7+ 0-1